000 00842nam a2200277 i 4500
003 DO-SdBNP
005 20250618143830.0
007 ta
008 250618b199- dr ||||| |||| 00| 0 spa d
040 _aDO-SdBNP
_bspa
_cBNPHU
_erda
082 4 _a347.7293013
_bR426L
_222
110 1 _aRepública Dominicana.
_932241
240 1 0 _a[Leyes, etc.]
245 1 0 _aLey de organización judicial
264 1 _aSanto Domingo :
_beditor no identificado,
_c199?.
300 _a84 páginas ;
_c21 cm.
336 _atexto
_btxt
_2rdacontent
337 _asin mediación
_bnc
_2rdamedia
338 _avolumen
_bnc
_2rdacarrier
590 _aInventariado, 2025/BT
650 4 _aLegislacion judicial
_930795
650 4 _aPoder judicial
_xLegislación
_930796
651 4 _aRepública Dominicana
_xLeyes
_916541
910 _aBtavárez
942 _2ddc
_cLBS1
999 _c59336
_d59336